| 000 | 00989cam a2200181ua 4500 | ||
|---|---|---|---|
| 020 | _c2.90 | ||
| 041 |
_aeng _h |
||
| 082 |
_a425 _bCEN/PR |
||
| 110 | 1 |
_aCentral institute of English . _b _c(Hyderabad ) |
|
| 245 |
_aPreparatory general English course for colleges : social sciences / _cCentral institute of English. _hTextual Documents |
||
| 250 |
_a / _b. |
||
| 260 |
_aLondon : _bOrient-Longman Ltd , _c1965. |
||
| 300 | _a207 ; . | ||
| 365 | _a2.90 | ||
| 504 | _a | ||
| 942 | _cBK | ||
| 999 |
_c12639 _d12639 |
||